000
00237nam a22000857a 4500
008
160715b xxu||||| |||| 00| 0 eng d
100
_9
2907
_a
Raskin, E
245
_a
The Mysterious Disappearance of Leon
260
_a
New York
_b
E.P.Dutton
_c
1971
999
_c
2472
_d
2472